000 00695cam a2200205 a 4500
001 17388437
005 20250130180254.0
008 120716s2013 orua b 001 0 eng
020 _a9780736951456
050 0 0 _aBR115.C69
_bC47 2013
082 0 0 _a253.5
_223
245 0 0 _aChrist-centered Biblical counseling /
_cJames MacDonald, general editor ; Bob Kellemen & Stephen Viars, managing editors.
260 _aEugene, Or. :
_bHarvest House Publishers,
_cc2013.
300 _a480 p. :
_bill. ;
_c24 cm.
650 0 _aCounseling
_xReligious aspects
_xChristianity.
700 1 _aMacDonald, James,
_d1960-
700 1 _aKellemen, Robert W.
700 1 _aViars, Stephen,
_d1960-
942 _2lcc
_cBK
_n0
999 _c3272
_d3272